000 00317nam a2200121 a 4500
005 20140414131915.0
008 100915s19uu xx 00 eng d
050 _aFIC
_bF91 1991
100 _aFritz, Jean
245 _aBully for you, Teddy Roosevelt!.
260 _aNew York :
_bScholastic ,
_c1991.
999 _c111406
_d111406